000 00398nam a2200145 i 4500
001 90670
003 ES-MaACL
007 t|
008 050124s1913 xxk ||||1| eng d
100 1 _aLecky, William Edward Hartpole.
_971080
245 1 0 _aDemocracy and liberty /
_cWilliam Edward Hartpole Lecky.
260 _aLondon :
_b[s.n.,
_c1913]
300 _a2 v. ;
_c18 cm.
852 _aES-MaACL
_jC-952-3
999 _c90670
_d90670